Normal view
MARC view
Entry Personal Name
001 - CONTROL NUMBER
- control field: 20420
003 - CONTROL NUMBER IDENTIFIER
- control field: ARRUPE
005 - DATE AND TIME OF LATEST TRANSACTION
- control field: 20151021143814.0
008 - FIXED-LENGTH DATA ELEMENTS
- fixed length control field: 151021|| aca||aabn | a|a d
040 ## - CATALOGING SOURCE
- Original cataloging agency: ARRUPE
- Transcribing agency: ARRUPE
100 ## - HEADING--PERSONAL NAME
- Personal name: Simmons, Leo W.,
- Dates associated with a name: 1897-1979.
670 ## - SOURCE DATA FOUND
- Source citation: Work cat.: (ARRUPE)0: Talayesva, Don C., 1890-1985. 20416, Sun Chief :, c1942.